| 000 | 00991nam a22002897a 4500 | ||
|---|---|---|---|
| 003 | CHAP | ||
| 005 | 20220329134308.0 | ||
| 008 | 971013s1966 r 00010 d | ||
| 010 | _a18301 | ||
| 011 | _a19273 | ||
| 035 | _a23358 | ||
| 040 | _cCHAP | ||
| 082 |
_a636.213 _bJ8 |
||
| 100 | 0 | 0 |
_aJuergenson, Elwood M. _962280 |
| 245 | _aMétodos aprobados en la producción de ganado vacuno | ||
| 260 |
_aMéxico, D.F., : _bTrillas, _c1966 |
||
| 300 |
_a366 p. _b: ilus |
||
| 590 |
_aBATCH-UPD _b10 _c20130110 _lUCH01 _h1912 |
||
| 590 |
_aCONVERSION _b10 _c20130109 _lUCH01 _h1311 |
||
| 650 | 1 | 4 |
_aGanado de carne. _945067 |
| 901 | _aBK | ||
| 942 | _cLIBRO | ||
| 949 |
_a636.213 J8 _bBC _cLIBRO _d33724000123899 _eLIBRO _h24559 _i23358 _mD _si |
||
| 949 |
_a636.213 J8 _bBC _cLIBRO _d33724000790168 _eLIBRO _fc.3 _h45207 _i23358 _mD _si |
||
| 949 |
_a636.213 J8 _bBC _cLIBRO _d33724000806485 _eLIBRO _fc.4 _h45208 _i23358 _mD _si |
||
| 949 |
_a636.213 J8 _bBC _cLIBRO _d33724000832416 _eLIBRO _fc.2 _h39680 _i23358 _mD _si |
||
| 999 |
_c18301 _d18301 |
||